000 00915nas a2200253 4500
001 BR8300654
003 BR-BrBNA
005 20231205085431.0
007 ta
008 230509b bl.|||p| |||| 00| 00por d
040 _aBR-BrBNA
_bpor
_cBiblioteca Nacional de Agricultura
041 _a(Pt)
072 _aF22
100 1 _aFontes, L.E.F.
245 1 _aNova proveta para sedimentacao da suspensao do solo, na determinacao da fracao argila por densimetria [analise do solo]
246 1 _aA new cylindre for sedimentation of soil suspension for determination of clay fraction by the hidrometer method [Soil analysis]
650 _aSOLO
650 _aANALISE DO SOLO
650 _aSEDIMENTACAO
650 _aARGILA
773 0 _tRevista Brasileira de Ciencia do Solo (Brazil)
_xISSN 0100-0683
_g(May 1982), v. 6(2) p. 152-154
_wBR8300654
909 _a202311
_bLúcia
_c55
_dLúcia Elande
942 _2AGRIS
_n0
_cANA
999 _c111414
_d111414